| Tag |
First Indicator |
Second Indicator |
Subfields |
| LEADER |
00000cam a22000001a 4500 |
| 001 |
in00003200728 |
| 006 |
m d f |
| 007 |
cr bn mmmapmmp |
| 008 |
090623s1956 dcu o f000 0 eng d |
| 005 |
20260504194919.7 |
| 035 |
|
|
|a cis2007425006
|
| 040 |
|
|
|a UMI
|c UMI
|d UtOrBLW
|
| 043 |
|
|
|a n-us---
|
| 086 |
0 |
|
|a Y 4.G 74/6:T 67/2/pt.1
|
| 099 |
|
|
|a HRG-1956-OPS-0006
|
| 110 |
1 |
|
|a United States.
|b Congress.
|b Senate.
|b Committee on Government Operations.
|b Permanent Subcommittee on Investigations.
|
| 245 |
1 |
0 |
|a East-West Trade.
|n Part 1 :
|b hearings before the United States Senate Committee on Government Operations, Permanent Subcommittee on Investigations, Eighty-Fourth Congress, second session, on Feb. 15-17, 20, Mar. 6, 1956.
|
| 264 |
|
1 |
|a Washington :
|b U.S. G.P.O.,
|c 1956.
|
| 300 |
|
|
|a 1 online resource.
|
| 336 |
|
|
|a text
|b txt
|2 rdacontent
|
| 337 |
|
|
|a computer
|b c
|2 rdamedia
|
| 338 |
|
|
|a online resource
|b cr
|2 rdacarrier
|
| 500 |
|
|
|a Record is based on bibliographic data in ProQuest Congressional Hearings Digital Collection. Reuse except for individual research requires license from ProQuest, LLC.
|
| 520 |
|
|
|a Considers trend involving decontrol of strategic goods shipped to Soviet Union and assesses impact of such action on Soviet military buildup and the economic and military security of non-Communist nations.
|
| 538 |
|
|
|a System requirements: PDF reader software.
|
| 500 |
|
|
|a Electronic resource.
|
| 650 |
|
0 |
|a East-West trade.
|
| 650 |
|
0 |
|a Balance of power.
|
| 655 |
|
7 |
|a Electronic books.
|2 local
|
| 710 |
2 |
|
|a ProQuest (Firm)
|
| 776 |
0 |
8 |
|i Print version:
|a United States. Congress. Senate. Committee on Government Operations. Permanent Subcommittee on Investigations.
|t East-West Trade
|
| 776 |
0 |
8 |
|i Microfiche version:
|a United States. Congress. Senate. Committee on Government Operations. Permanent Subcommittee on Investigations.
|t East-West Trade.
|d [Bethesda, Md.] : ProQuest,[2004]
|o CIS Hrgs MF Gp 3--(84) S1187-5-A
|w (ProQuest)cis10603470
|
| 830 |
|
0 |
|a U.S. Congressional Hearings.
|
| 856 |
4 |
0 |
|u http://proxy.library.tamu.edu/login?url=https://congressional.proquest.com/congcomp/getdoc?HEARING-ID=HRG-1956-OPS-0006
|z Connect to the full text of this electronic book
|t 0
|
| 998 |
|
|
|a cis10603470
|
| 999 |
|
|
|a MARS
|
| 999 |
f |
f |
|s 09cb94dd-5dbe-30f4-ac66-36fd5dee5a4d
|i 395c8ab6-df34-30bd-b59e-ec58c0824422
|t 0
|
| 952 |
f |
f |
|a Texas A&M University
|b College Station
|c Electronic Resources
|s www_evans
|d Available Online
|t 0
|e HRG-1956-OPS-0006
|h Other scheme
|
| 998 |
f |
f |
|a HRG-1956-OPS-0006
|t 0
|l Available Online
|